000 00464nam a2200181Ia 4500
008 131103s9999 xx 000 0 und d
020 _aSBN224618946
040 _aLoreto College
041 _aEnglish
082 _a160/HAR
_bLCLIB/18991
100 _aHarris, Thomas A.
245 4 _aThe Book of choice
_cThomas A. Harris
260 _aLondon
_bJonathan cape
_c1970
300 _axix,278p
_c 22cm
504 _aInclude index
650 _aLogic
942 _cBK
999 _c19572
_d70051